Rocket League Bodies quiz - Statistics

General Stats
  • This quiz has been taken 6,834 times
  • The average score is 8 of 16
Answer Stats
Hint Answer % Correct
9 Octane
97%
1 Dominus
85%
4 Breakout
72%
8 Merc
72%
2 Roadhog
55%
6 Scarab
49%
13 Takumi
45%
12 X-Devil
44%
5 Gizmo
38%
3 Venom
38%
10 Paladin
35%
11 Hotshot
34%
14 Backfire
33%
7 Zippy
32%
16 Grog
28%
15 Ripper
24%
No matching quizzes found
Score Distribution
Percent of People with Each Score
Percentile by Number Answered
Your Score History
You have not taken this quiz